Countries with divided coastlines Quiz Stats

 Plays Quiz not verified by Sporcle

Challenge
Share
Tweet
Embed
Score 0/30 Timer 06:00
0 Plays Today
Continent Country % Correct
North AmericaUnited States of America
99%
North AmericaCanada
94.8%
North AmericaMexico
94.8%
Europe & AsiaRussia
94.8%
EuropeFrance
93.8%
North AmericaPanama
91.8%
Europe & AsiaTurkey
90.7%
North AmericaHonduras
89.7%
North AmericaNicaragua
89.7%
EuropeSpain
89.7%
North AmericaCosta Rica
88.7%
North AmericaGuatemala
88.7%
AsiaSaudi Arabia
88.7%
EuropeGermany
87.6%
AsiaOman
84.5%
Continent Country % Correct
AfricaEgypt
82.5%
AsiaMalaysia
82.5%
AfricaAngola
80.4%
South AmericaColombia
80.4%
EuropeCroatia
79.4%
AfricaMorocco
78.4%
AsiaIsrael
77.3%
AsiaNorth Korea
77.3%
AsiaUnited Arab Emirates
77.3%
AfricaSenegal
72.2%
AsiaThailand
72.2%
EuropeNetherlands
67%
AsiaBrunei
63.9%
EuropeCyprus
57.7%
AsiaTimor-Leste
55.7%

You're not logged in!

Compare scores with friends on all Sporcle quizzes.
OR
Log In

You Might Also Like...

Show Comments

Extras

Top Quizzes Today


Score Distribution

Your Account Isn't Verified!

In order to create a playlist on Sporcle, you need to verify the email address you used during registration. Go to your Sporcle Settings to finish the process.

Report this User

Report this user for behavior that violates our Community Guidelines.

Details: